logo

Bir Sreshtho Munshi Abdur Rouf Library
Jhenaidah Cadet College

The Oxford classical dictionary / (Record no. 9790)

MARC details
000 -LEADER
fixed length control field 01138nam a2200349 a 4500
001 - CONTROL NUMBER
JCCL Control Number 9790
003 - CONTROL NUMBER IDENTIFIER
JCCL marc code BD - JhCC
005 - DATE AND TIME OF LATEST TRANSACTION
control field 20180401103130.0
008 - FIXED-LENGTH DATA ELEMENTS--GENERAL INFORMATION
fixed length control field 880808s1970 enk d 001 0deng
020 ## - INTERNATIONAL STANDARD BOOK NUMBER
International Standard Book Number 0198691173
035 ## - SYSTEM CONTROL NUMBER
system control number 73-18819
035 ## - SYSTEM CONTROL NUMBER
system control number (OCoLC)102949
-- (BD - JhCC)9790
040 ## - CATALOGING SOURCE
Original cataloging agency DLC
Transcribing agency DLC
Modifying agency m.c
-- BD - JhCC
041 ## - LANGUAGE CODE
Language code of Book eng
050 #0 - LIBRARY OF CONGRESS CALL NUMBER
Classification number DE5
050 00 - LIBRARY OF CONGRESS CALL NUMBER
Classification number DE5
Item number .O9 1970
082 ## - DEWEY DECIMAL CLASSIFICATION NUMBER
Classification number 913.38/003
DDC Edition number 18
Author mark and Year THE 1970
245 04 - TITLE STATEMENT
Title The Oxford classical dictionary /
Statement of responsibility, etc edited by N. G. L. Hammond and H. H. Scullard.
250 ## - EDITION STATEMENT
Edition statement 2nd ed.
260 ## - PUBLICATION, DISTRIBUTION, ETC. (IMPRINT)
Place of publication, distribution, etc Oxford :
Name of publisher, distributor, etc Clarendon Press,
Date of publication, distribution, etc 1970.
300 ## - PHYSICAL DESCRIPTION
Pagination xxii, 1176 p. ;
Dimensions 26 cm.
500 ## - GENERAL NOTE
General note Previous ed., 1949, edited by Max Cary and others.
504 ## - BIBLIOGRAPHY, ETC. NOTE
Bibliography, etc Includes bibliography ([1151]-1153) and indexes.
650 #0 - SUBJECT ADDED ENTRY--TOPICAL TERM
Topical term or geographic name as entry element Classical dictionaries.
650 #0 - SUBJECT ADDED ENTRY--TOPICAL TERM
Topical term or geographic name as entry element Classical dictionaries.
651 #0 - SUBJECT ADDED ENTRY--GEOGRAPHIC NAME
Geographic name Greece
General subdivision Civilization
Form subdivision Dictionaries.
651 #0 - SUBJECT ADDED ENTRY--GEOGRAPHIC NAME
Geographic name Rome
General subdivision Civilization
-- Dictionaries.
700 1# - ADDED ENTRY--PERSONAL NAME
Personal name Hammond, N. G. L.
Fuller form of name (Nicholas Geoffrey Lemprière),
Dates associated with a name 1907-2001.
700 1# - ADDED ENTRY--PERSONAL NAME
Personal name Scullard, H. H.
Fuller form of name (Howard Hayes),
Dates associated with a name 1903-1983.
942 ## - ADDED ENTRY ELEMENTS (KOHA)
Source of classification or shelving scheme Dewey Decimal Classification
Koha item type Reference
Holdings
Source of classification or shelving scheme Damaged status Not for loan Home library Current library Shelving location Date of accession Total Checkouts Full call number Barcode Date last seen Copy number Koha item type
Dewey Decimal Classification     JCC Rouf Library JCC Rouf Library General Stacks 04/01/2018   913.38/003 OXF 1970 13244 04/01/2018 C-1 Reference

JCC Library | Contacts | JCC Home

Last Update on 23 September 2017
Copyright @ 2017-2020 JCC Rouf Library
Rouf Library, Jhenidah Cadet College (JCC), Bangladesh